Library of the University of Algiers 3
Ibrahim Sultan Cheibout
شعار جامعة الجزائر 3
مكتبة جامعة الجزائر 3
إبراهيم سلطان شيبوط

اتخاذ القرارات الصعبة باستخدام مجموعة نظم برامج أدوات القرار : (رقم التسجيلة. 43725)

تفاصيل مارك
000 -LEADER
fixed length control field 01605nam a2200241Ia 4500
003 - CONTROL NUMBER IDENTIFIER
control field Ost
005 - DATE AND TIME OF LATEST TRANSACTION
control field 20260507075255.0
008 - FIXED-LENGTH DATA ELEMENTS--GENERAL INFORMATION
fixed length control field 260507s9999||||xx |||||||||||||| ||und||
020 ## - INTERNATIONAL STANDARD BOOK NUMBER
International Standard Book Number 7597249960
040 ## - CATALOGING SOURCE
Transcribing agency fsecg
041 ## - LANGUAGE CODE
Language code of text/sound track or separate title ara
100 ## - MAIN ENTRY--PERSONAL NAME
Personal name كليمان، روبرت
Relator term مؤلف
245 #0 - TITLE STATEMENT
Title اتخاذ القرارات الصعبة باستخدام مجموعة نظم برامج أدوات القرار :
Remainder of title الكتاب الثاني /
Statement of responsibility, etc. روبرت كليمان
260 ## - PUBLICATION, DISTRIBUTION, ETC.
Place of publication, distribution, etc. الرياض:
Name of publisher, distributor, etc. ,
Date of publication, distribution, etc. 2010
300 ## - PHYSICAL DESCRIPTION
Extent (519 ) من 543 الى 1061 صفحة؛
Other physical details إيضاحات ؛
Dimensions 24 سم
504 ## - BIBLIOGRAPHY, ETC. NOTE
Bibliography, etc. note ملاحق ص.1017
520 ## - SUMMARY, ETC.
Summary, etc. 2 ) نمذجة عدم التأكد : نماذج الاحتمال النظرية ، استخدام البيانات و محاكاة مونت كارلو ، قيمة المعلومات : الاستثمار في سوق الأوراق المالية و الاعصارات النبتية 3) نمذجة التفضيلات : مواقف المخاطرة محاربة هاريمان من أجل خط سكة حديد شمال الباسفيك ، بديهيات المنفعة و ظاهريات التناقض و التضمينات ، الأهداف المتعارضة : الأهداف الأساسية و دالة المنفعة الجمعية ، نماذج المنفعة متععدة الخواص مع التداخلات .
653 ## - INDEX TERM--UNCONTROLLED
Uncontrolled term إتخاذ القرار
653 ## - INDEX TERM--UNCONTROLLED
Uncontrolled term الاجراءات الادارية
653 ## - INDEX TERM--UNCONTROLLED
Uncontrolled term القرارات الادارية
700 ## - ADDED ENTRY--PERSONAL NAME
Personal name سرور، سرور علي ابراهيم
Relator term مؤلف ثانوي
942 ## - ADDED ENTRY ELEMENTS (KOHA)
Koha item type كتب
المقتنيات
Withdrawn status Lost status Source of classification or shelving scheme Damaged status Not for loan Home library Current library Date acquired Serial enumeration / chronology Inventory number Total checkouts Full call number Barcode Date last seen Price effective from Koha item type
    Dewey Decimal Classification   NOT LOAN / إعارة داخلية مكتبة كلية العلوم الإقتصادية والعلوم التجارية وعلوم التسيير مكتبة كلية العلوم الإقتصادية والعلوم التجارية وعلوم التسيير 07/05/2026 الطابق الأرضي 17880   أ/3702ك2ن1 17880 07/05/2026 07/05/2026 كتب
    Dewey Decimal Classification   Available مكتبة كلية العلوم الإقتصادية والعلوم التجارية وعلوم التسيير مكتبة كلية العلوم الإقتصادية والعلوم التجارية وعلوم التسيير 07/05/2026 الطابق الأرضي 17881   أ/3702ك2ن2 17881 07/05/2026 07/05/2026 كتب
    Dewey Decimal Classification   Available مكتبة كلية العلوم الإقتصادية والعلوم التجارية وعلوم التسيير مكتبة كلية العلوم الإقتصادية والعلوم التجارية وعلوم التسيير 07/05/2026 الطابق الأرضي 17882   أ/3702ك2ن3 17882 07/05/2026 07/05/2026 كتب
    Dewey Decimal Classification   Available مكتبة كلية العلوم الإقتصادية والعلوم التجارية وعلوم التسيير مكتبة كلية العلوم الإقتصادية والعلوم التجارية وعلوم التسيير 07/05/2026 الطابق الثاني 17883   أ/3702ك2ن4 17883 07/05/2026 07/05/2026 كتب
    Dewey Decimal Classification   Available مكتبة كلية العلوم الإقتصادية والعلوم التجارية وعلوم التسيير مكتبة كلية العلوم الإقتصادية والعلوم التجارية وعلوم التسيير 07/05/2026 الطابق الثاني 17884   أ/3702ك2ن5 17884 07/05/2026 07/05/2026 كتب
    Dewey Decimal Classification   Available مكتبة كلية العلوم الإقتصادية والعلوم التجارية وعلوم التسيير مكتبة كلية العلوم الإقتصادية والعلوم التجارية وعلوم التسيير 07/05/2026 الطابق الثاني 17885   أ/3702ك2ن6 17885 07/05/2026 07/05/2026 كتب

موارد الويب المفتوحة


© University of Algiers 3 All Rights Reserved
|
Implemented by LECHELAH Riad